| 000 | 00442nam a2200181 a 4500 | ||
|---|---|---|---|
| 001 | 7055 | ||
| 003 | CO-ViMGA | ||
| 008 | 141112s2004 ck r 000 u spa d | ||
| 040 |
_aCO-ViMGA _bspa _cCO-ViMGA |
||
| 082 | 0 | 4 | _a658.568 C415 |
| 100 | 1 |
_aChandezon, Gerard _96119 |
|
| 245 | 1 | 0 | _aHacia la calidad total |
| 260 |
_aBarcelona : _bGranica, _c1991 |
||
| 300 | _a19 p | ||
| 490 | _aAcción, 6 | ||
| 650 | 1 | 4 | _aCALIDAD TOTAL |
| 942 |
_2ddc _cBK |
||
| 999 |
_c19020 _d19020 |
||